<?xml version="1.0" encoding="UTF-8"?>
<record
    xmlns:xsi="http://www.w3.org/2001/XMLSchema-instance"
    xsi:schemaLocation="http://www.loc.gov/MARC21/slim http://www.loc.gov/standards/marcxml/schema/MARC21slim.xsd"
    xmlns="http://www.loc.gov/MARC21/slim">

  <leader>01185nam a2200181 a 4500</leader>
  <controlfield tag="001">000026216</controlfield>
  <controlfield tag="005">20211111132736.0</controlfield>
  <controlfield tag="008">110210s1994    pe            000 | spa d</controlfield>
  <datafield tag="040" ind1=" " ind2=" ">
    <subfield code="a">DO-SdBNP</subfield>
    <subfield code="b">spa</subfield>
    <subfield code="c">BNPHU</subfield>
  </datafield>
  <datafield tag="082" ind1=" " ind2=" ">
    <subfield code="a">xxxx</subfield>
    <subfield code="b">K21c</subfield>
  </datafield>
  <datafield tag="100" ind1="1" ind2=" ">
    <subfield code="a">Kaufmann, Margarita ,</subfield>
    <subfield code="9">53236</subfield>
  </datafield>
  <datafield tag="245" ind1="1" ind2="0">
    <subfield code="a">Comunicaci&#xF3;n pol&#xED;tica /</subfield>
    <subfield code="c">Margarita Kaufmann.</subfield>
  </datafield>
  <datafield tag="260" ind1=" " ind2=" ">
    <subfield code="a">Lima :</subfield>
    <subfield code="b">Medios de Comunicaci&#xF3;n &amp; Democracia,</subfield>
    <subfield code="c">1994.</subfield>
  </datafield>
  <datafield tag="300" ind1=" " ind2=" ">
    <subfield code="a">123 p. :</subfield>
    <subfield code="b">il. ;</subfield>
    <subfield code="c">21 cm.</subfield>
  </datafield>
  <datafield tag="505" ind1=" " ind2=" ">
    <subfield code="t">Pol&#xED;ticos, comunicadores y democracia /</subfield>
    <subfield code="r">Margarita Kaufmann</subfield>
    <subfield code="t">Medios de comunicaci&#xF3;n, pol&#xED;tica y ciudadan&#xED;a /</subfield>
    <subfield code="r">Pablo Halpern</subfield>
    <subfield code="t">Medios de comunicaci&#xF3;n: entre el mercado, la tecnolog&#xED;a y la ciudadan&#xED;a /</subfield>
    <subfield code="r">Juan Carlos Latorre D&#xED;az</subfield>
    <subfield code="t">La privatizaci&#xF3;n de la pol&#xED;tica /</subfield>
    <subfield code="r">Ricardo N&#xFA;&#xF1;ez</subfield>
    <subfield code="t">Pol&#xED;ticos y comunicadores: entre el compromiso y la autonom&#xED;a /</subfield>
    <subfield code="r">Roberto Pulido</subfield>
    <subfield code="t">&#xC9;tica, comunicaci&#xF3;n pol&#xED;tica /</subfield>
    <subfield code="r">Guillermo Le&#xF3;n Escobar Herran</subfield>
    <subfield code="t">Los medios de comunicaci&#xF3;n en Colombia /</subfield>
    <subfield code="r">Javier Dar&#xED;o Restrepo</subfield>
    <subfield code="t">Europa ante la prensa y la pol&#xED;tica /</subfield>
    <subfield code="r">Vicente Torrijos</subfield>
    <subfield code="t">Las actitudes de la opini&#xF3;n p&#xFA;blica en Am&#xE9;rica con relaci&#xF3;n a la democracia /</subfield>
    <subfield code="r">Alfredo Keller</subfield>
  </datafield>
  <datafield tag="700" ind1=" " ind2=" ">
    <subfield code="a">Sosa, Jos&#xE9; Rafael</subfield>
    <subfield code="e">ed.</subfield>
    <subfield code="9">51507</subfield>
  </datafield>
  <datafield tag="049" ind1=" " ind2=" ">
    <subfield code="a">BNPD</subfield>
  </datafield>
  <datafield tag="952" ind1=" " ind2=" ">
    <subfield code="0">0</subfield>
    <subfield code="1">0</subfield>
    <subfield code="5">0</subfield>
    <subfield code="7">1</subfield>
    <subfield code="8">MO</subfield>
    <subfield code="a">GR</subfield>
    <subfield code="b">GR</subfield>
    <subfield code="c">CT</subfield>
    <subfield code="d">2011-03-04</subfield>
    <subfield code="i">LF1</subfield>
    <subfield code="l">0</subfield>
    <subfield code="o">xxxx K21c</subfield>
    <subfield code="p">26216-10</subfield>
    <subfield code="r">2020-06-25</subfield>
    <subfield code="w">2020-06-25</subfield>
    <subfield code="y">1</subfield>
    <subfield code="Z">No se presta</subfield>
  </datafield>
  <datafield tag="999" ind1=" " ind2=" ">
    <subfield code="c">25708</subfield>
    <subfield code="d">25708</subfield>
  </datafield>
</record>
